书目信息 |
| 题名: |
素描教程
|
|
| 作者: | 王彦发 主编 | |
| 分册: | ||
| 出版信息: | 北京 高等教育出版社 2007.02 |
|
| 页数: | 271页 | |
| 开本: | 30cm | |
| 丛书名: | ||
| 单 册: | ||
| 中图分类: | J214 | |
| 科图分类: | ||
| 主题词: | 绘画--技法(美术) | |
| 电子资源: | ||
| ISBN: | 978-7-04-020299-1 | |
| 000 | 00582nam0 2200217 45 | |
| 001 | 0936943093 | |
| 005 | 20181213110138.55 | |
| 010 | @a978-7-04-020299-1@dCNY35.00 | |
| 100 | @a20090515d2007 ekmy0 y0120 ea | |
| 102 | @aCN@b130000 | |
| 102 | @aCN@b110000 | |
| 105 | @ay z 000yy | |
| 200 | 1 | @a素描教程@f王彦发主编@Fwang yan fa zhu bian |
| 210 | @a北京@c高等教育出版社@d2007.02 | |
| 215 | @a271页@d30cm | |
| 606 | 0 | @a绘画@x技法(美术) |
| 690 | @aJ214@v4 | |
| 701 | 0 | @a王彦发@Awang yan fa@4主编 |
| 801 | 0 | @aCN@c20091009 |
| 905 | @a10447@dJ214@eW410 | |
| 906 | @d35@n2@r1 | |
| 素描教程/王彦发主编.-北京:高等教育出版社,2007.02 |
| 271页;30cm |
| ISBN 978-7-04-020299-1:CNY35.00 |
| ● |
| 相关链接 |
|
|
|
正题名:素描教程
索取号:J214/W410
 
预约/预借
| 序号 | 登录号 | 条形码 | 馆藏地/架位号 | 状态 | 备注 |
| 1 | 1282433 | 212824336 | 社科库309/309社科库 70排4列6层/ [索取号:J214/W410] | 在馆 | |
| 2 | 659001 | 206590018 | 社科库309/309社科库 70排4列6层/ [索取号:J214/W410] | 在馆 | |
| 3 | 659002 | 206590027 | 社科库309/309社科库 70排4列6层/ [索取号:J214/W410] | 在馆 |